000
00246nam a22000857a 4500
008
160704b xxu||||| |||| 00| 0 eng d
100
_9
2075
_a
Davidar, E.R.C
245
_a
Adventures of a Wildlife Warden
260
_a
New Delhi
_b
National Book Trust
_c
1982
999
_c
1772
_d
1772